Sports Quiz

Random Sports or College Quiz

Name the Defensive Lineman's College 1935-1985 Quiz Stats

 Plays Quiz not verified by Sporcle

Score 0/102 Timer 20:00
0 Plays Today
Hint Answer % Correct
Bubba SmithMichigan State
85%
Bob GolicNotre Dame
80%
Randy White Maryland
75%
Lee Roy SelmonOklahoma
75%
Howie LongVillanova
75%
Reggie WhiteTennessee
75%
Mike GolicNotre Dame
75%
Alex KarrasIowa
70%
Merlin OlsenUtah State
70%
Dewey SelmonOklahoma
70%
Bob LillyTCU
65%
Joe GreeneNorth Texas
65%
Lucious SelmonOklahoma
65%
Ross BrownerNotre Dame
65%
Kenneth SimsTexas
65%
William PerryClemson
65%
Bruce SmithVirginia Tech
65%
Billy Ray Smith Sr. Arkansas
60%
Buck BuchananGrambling State
60%
Alan PageNotre Dame
60%
Walt PatulskiNotre Dame
60%
Steve McMichaelTexas
60%
Rich GloverNebraska
55%
Joe KleckoTemple
55%
Michael CarterSMU
55%
Chris DolemanPittsburgh
55%
Ray ChildressTexas A&M
55%
Jim MarshallOhio State
50%
Ed 'Too Tall' JonesTennessee State
50%
Dan HamptonArkansas
50%
Rick BryanOklahoma
50%
Willie DavisGrambling State
45%
Jack YoungbloodFlorida
45%
John MatuszakTampa
45%
Hint Answer % Correct
Manu TuiasosopoUCLA
45%
Marty LyonsAlabama
45%
Richard DentTennessee State
45%
Gabe RiveraTexas Tech
45%
Doug AtkinsTennessee
40%
Ernie LaddGrambling State
40%
Ben DavidsonWashington
40%
Carl EllerMinnesota
40%
Lyle AlzadoYankton
40%
Larry JacobsonNebraska
40%
John DuttonNebraska
40%
Art StillKentucky
40%
Tim KrumrieWisconsin
40%
Charles MannNevada
40%
Jim JeffcoatArizona State
40%
Keith MillardWashington State
40%
Bill MaasPittsburgh
40%
Pat SummerallArkansas
35%
LaVerne TorczonNebraska
35%
Carl HairstonMaryland Eastern Shore
35%
Mike BellColorado State
35%
Jim StuckeyClemson
35%
Darryl GrantRice
35%
Dexter ManleyOklahoma State
35%
Donnell ThompsonUNC
35%
Jeff BryantClemson
35%
Greg TownsendTCU
35%
Sean JonesNortheastern
35%
Jumpy GeathersWichita State
35%
Leo NomelliniMinnesota
30%
Jethro PughElizabeth City State
30%
Walter BarnesNebraska
30%
Mike McCoyNotre Dame
30%
Larry BetheaMichigan State
30%
Hint Answer % Correct
Rulon JonesUtah State
30%
Bill PickelRutgers
30%
Leonard MarshallLSU
30%
Freddie Joe NunnOle Miss
30%
Art DonovanBoston College
25%
Ernie StautnerBoston College
25%
Any RobustelliArnold
25%
Gino MarchettiSan Francisco
25%
Rosey GrierPenn State
25%
Lamar LundyPurdue
25%
Deacon JonesMississippi Valley State
25%
Elvin BetheaUNC A&T
25%
Claude HumphreyTennessee State
25%
L.C. GreenwoodArkansas-Pine Bluff
25%
Fred DryerSan Diego State
25%
Dwight WhiteTexas A&M-Commerce
25%
Harvey MartinTexas A&M-Commerce
25%
Fred DeanLouisiana Tech
25%
Mark GastineauEast Central (OK)
25%
Jacob GreenTexas A&M
25%
Alphonso CarrekerFlorida State
25%
Lionel AldridgeUtah State
20%
Gerry PhilbinBuffalo
20%
Bill StanfillGeorgia
20%
Art ThomsSyracuse
20%
Dave ButzPurdue
20%
Louie KelcherSMU
20%
Kim BokamperSan Jose State
20%
Mike StensrudIowa State
20%
Doug MartinWashington
20%
Clay Matthews Sr.Georgia Tech
15%
Mike KadishNotre Dame
15%
Dwaine BoardUNC A&T
15%
Jesse BakerJacksonville State
10%

You're not logged in!

Compare scores with friends on all Sporcle quizzes.
OR
Log In

Sporcle TV

Today on Sporcle TV


Watch our educational content, quiz creation guides, and fun videos on Sporcle TV.

Show Comments

Extras

Created Jan 4, 2015ReportNominate
Tags:College Quiz, defensive

Top Quizzes Today


Score Distribution

Your Account Isn't Verified!

In order to create a playlist on Sporcle, you need to verify the email address you used during registration. Go to your Sporcle Settings to finish the process.

Report this User

Report this user for behavior that violates our Community Guidelines.

Details: